000 00316nam a22001457a 4500
005 20220127140424.0
008 020426d1999 us a r 00110 spa d
010 _a85660
011 _a86632
035 _a97171
245 0 _c/por
260 _c19
590 _aCONVERSION
_b10
_c20130109
_lUCH01
_h1348
901 _aBK
999 _c85660
_d85660